Analýza cenných papierov vybrané daňové problémy

Salvato in:
Dettagli Bibliografici
Autore principale: Harumová, Anna, 1955-
Ente Autore: Ekonomická univerzita v Bratislave. Fakulta podnikového manažmentu
Natura: Libro
Lingua:slovacco
Pubblicazione: Bratislava Vydavateľstvo EKONÓM 2002
Soggetti:
Tags: Aggiungi Tag
Nessun Tag, puoi essere il primo ad aggiungerne!!

MARC

LEADER 00000nam a2200000 4500
001 c133924
005 20240502071321.9
020 |a 80-225-1537-X 
041 0 |a slo 
044 |a SK 
245 1 0 |a Analýza cenných papierov  |b vybrané daňové problémy  |c Anna Harumová 
264 1 |a Bratislava  |b Vydavateľstvo EKONÓM  |c 2002 
300 |a 195 s. 
610 2 0 |a papiere cenné 
610 2 0 |a analýzy 
610 2 0 |a dane 
610 2 0 |a politika fiškálna 
610 2 0 |a systémy daňové 
610 2 0 |a evidencia 
610 2 0 |a oceňovanie 
610 2 0 |a zdaňovanie 
610 2 0 |a dane z príjmov 
610 2 0 |a zákony 
610 2 0 |a deriváty 
610 2 0 |a Slovensko 
100 1 |a Harumová, Anna, 1955- 
710 2 |a Ekonomická univerzita v Bratislave. Fakulta podnikového manažmentu